Cyrano de Bergerac - Les cadets de Gascogne - Statistiques

Statistiques générales
  • Ce quiz a été pris 9 fois
  • Le résultat moyen est 72 sur 176
Statistiques - réponses
Réponse % Correct
d'
89%
de
89%
De
89%
Gascogne
89%
l'
89%
le
89%
les
89%
cadets
78%
Ce
78%
sont
67%
Sont
67%
Castel-Jaloux
56%
est
56%
et
56%
Ils
56%
la
56%
O
56%
un
56%
des
44%
on
44%
que
44%
Que
44%
Carbon
33%
doux
33%
Gascogne
33%
jaloux
33%
leur
33%
leurs
33%
33%
plus
33%
qui
33%
Qui
33%
se
33%
sobriquets
33%
trogne
33%
Bedaine
22%
bedaine
22%
Casse
22%
cocus
22%
Dans
22%
font
22%
Perce
22%
sans
22%
Tous
22%
tous
22%
vergogne
22%
Voici
22%
aigle
11%
âme
11%
Bretteurs
11%
cigogne
11%
cogne
11%
donnent
11%
Dont
11%
endroits
11%
filous
11%
gloire
11%
Jambe
11%
Menteurs
11%
nobles
11%
Oeil
11%
rendez-vous
11%
adorable
0%
Bastogne
0%
Blason
0%
cache
0%
canaille
0%
carogne
0%
chantez
0%
chat
0%
clairons
0%
coiffés
0%
coucous
0%
Dents
0%
epoux
0%
femme
0%
fendant
0%
grogne
0%
ivrogne
0%
Lambel
0%
loup
0%
loups
0%
Moustache
0%
Parlant
0%
plume
0%
renfrogne
0%
Sonnez
0%
trous
0%
vieil
0%
vieux
0%
vigogne
0%
vont
0%
Aucun quiz correspondant
Distribution des résultats
% des personnes avec chaque résultat
Percentile par nombre de réponses
Votre historique - résultats
Vous n’avez pas pris ce quiz